[Event "I Open La Piazzetta"]
[Site "Casalpusterlengo ITA"]
[Date "2014.10.05"]
[Round "5"]
[White "Guasconi, Lelio"]
[Black "Bongiorni, Gabriele"]
[WhiteElo "1618"]
[BlackElo "1800"]
[Result "0-1"]
[PlyCount "54"]
[EventDate "2014.10.03"]

1. d4 d5 2. Bf4 Nf6 3. e3 e6 4. a3 c6 5. Nf3 Bd6 6. Bxd6 Qxd6 7. c4 Nbd7 8. Nc3
O-O 9. c5 Qe7 10. Bd3 e5 11. dxe5 Nxe5 12. Nxe5 Qxe5 13. O-O Re8 14. Be2 Bf5
15. Bf3 Rad8 16. Qb3 Qc7 17. Ne2 Be4 18. Nd4 Re5 19. Bxe4 dxe4 20. Qc2 Rh5 21.
g3 Qd7 22. f3 Re8 23. Rad1 Qh3 24. Rd2 exf3 25. Rxf3 Ne4 26. Re2 Rxc5 27. Qb3
Rc1+ 0-1

[Event "I Open La Piazzetta"]
[Site "Casalpusterlengo ITA"]
[Date "2014.10.05"]
[Round "5"]
[White "Losi, Paolo"]
[Black "Trifoni, Giorgio"]
[WhiteElo "1705"]
[BlackElo "1682"]
[Result "0-1"]
[PlyCount "91"]
[EventDate "2014.10.03"]

1. Nf3 Nf6 2. d4 c5 3. c3 e6 4. Bg5 d5 5. Nbd2 b6 6. e4 dxe4 7. Nxe4 Be7 8.
Bb5+ Bd7 9. Bxd7+ Nbxd7 10. Nxf6+ Bxf6 11. Be3 cxd4 12. Nxd4 O-O 13. Nf3 Qc7
14. Qc2 Rad8 15. O-O Ne5 16. Ng5 Ng6 17. Rad1 h6 18. Ne4 Be5 19. g3 Qc6 20. f4
Bc7 21. Qg2 Qa4 22. b3 Qa3 23. Bc1 Qe7 24. Qe2 Rd7 25. Rxd7 Qxd7 26. Rd1 Qc6
27. Qf3 Qb5 28. c4 Qf5 29. Rd7 Bb8 30. Kg2 Qa5 31. a4 Qb4 32. Bd2 Qa3 33. Qd3
Qa2 34. Kh3 Qa3 35. Nd6 Qc5 36. Ne4 Qh5+ 37. Kg2 Qg4 38. Nf2 Qh5 39. Qf3 Qf5
40. Bb4 Re8 41. Bd6 e5 42. fxe5 Qxd7 43. Bxb8 Rxb8 44. Qc3 Re8 45. Nd3 Qe6 46.
Nf4 0-1

[Event "I Open La Piazzetta"]
[Site "Casalpusterlengo ITA"]
[Date "2014.10.05"]
[Round "5"]
[White "Marchesotti, Giovanni"]
[Black "Maraschi, Alberto"]
[WhiteElo "1462"]
[BlackElo "1339"]
[Result "1-0"]
[PlyCount "120"]
[EventDate "2014.10.03"]

1. Nf3 c6 2. c4 d5 3. b3 Bf5 4. Bb2 Nf6 5. d3 g6 6. Nbd2 Bg7 7. g3 O-O 8. Bg2
dxc4 9. Nxc4 Na6 10. O-O Nb4 11. a3 Na6 12. b4 Be6 13. Ng5 Bd5 14. e4 Bxc4 15.
dxc4 Qxd1 16. Raxd1 Rfd8 17. Nh3 Rac8 18. Nf4 b6 19. Ba1 Rd6 20. Rxd6 exd6 21.
Rd1 Ne8 22. Bxg7 Kxg7 23. Bh3 Rc7 24. Bf1 c5 25. b5 Nb8 26. Nd5 Rc8 27. Bh3 Rd8
28. f4 Nd7 29. Ne7 Nb8 30. Nc8 f5 31. exf5 Kf6 32. fxg6 hxg6 33. Nxa7 Nd7 34.
Bxd7 Rxd7 35. Nc6 Kf5 36. Kf2 Nf6 37. h4 Ng4+ 38. Kf3 Nh2+ 39. Kg2 Ng4 40. Re1
d5 41. Ne7+ Kf6 42. Nxd5+ Kf7 43. a4 Rd6 44. a5 bxa5 45. b6 Nf6 46. b7 Rd8 47.
Re7+ Kf8 48. Rc7 Nxd5 49. cxd5 a4 50. Rc8 Ke7 51. Rxd8 Kxd8 52. b8=Q+ Kd7 53.
Qb7+ Kd6 54. Qc6+ Ke7 55. Qxc5+ Kf6 56. Qa3 Kf5 57. Qxa4 Kg4 58. Qd1+ Kf5 59.
d6 g5 60. fxg5 Kg6 1-0

[Event "I Open La Piazzetta"]
[Site "Casalpusterlengo ITA"]
[Date "2014.10.05"]
[Round "5"]
[White "Nordio, Giorgio"]
[Black "Vecchio, Paolo L."]
[WhiteElo "1718"]
[BlackElo "1429"]
[Result "1-0"]
[PlyCount "99"]
[EventDate "2014.10.03"]

1. c4 Nf6 2. g3 g6 3. Bg2 Bg7 4. Nf3 O-O 5. O-O d6 6. Nc3 c6 7. Rb1 Re8 8. d3
e5 9. b4 Nbd7 10. b5 c5 11. a4 b6 12. Nxe5 Rb8 13. Nc6 Qc7 14. Nxb8 Qxb8 15.
Bb2 Bb7 16. Qd2 Bxg2 17. Kxg2 Qb7+ 18. Kg1 Nf8 19. e4 Ne6 20. f3 Nd4 21. Ne2
Nb3 22. Qc2 Na5 23. Bc3 Bh6 24. Bxf6 Be3+ 25. Kg2 Qd7 26. Bc3 h5 27. Bd2 Bd4
28. Nxd4 cxd4 29. Qb2 Nb7 30. Qxd4 Qe7 31. f4 h4 32. Bc3 f6 33. Qxf6 Qxf6 34.
Bxf6 Nc5 35. Rfd1 Nxa4 36. Ra1 Kf7 37. Rxa4 Kxf6 38. Rxa7 Rh8 39. Rb7 g5 40.
fxg5+ Kxg5 41. Rxb6 h3+ 42. Kg1 Kg4 43. Rf1 Ra8 44. Rb7 Ra2 45. Rg7+ Kh5 46.
Rh7+ Kg5 47. Rxh3 Kg4 48. Rh8 d5 49. Rf4+ Kg5 50. Rg8+ 1-0

[Event "I Open La Piazzetta"]
[Site "Casalpusterlengo ITA"]
[Date "2014.10.05"]
[Round "5"]
[White "Scotti, Luigi"]
[Black "Bignami, Venanzio"]
[WhiteElo "1443"]
[BlackElo "1757"]
[Result "1/2-1/2"]
[PlyCount "36"]
[EventDate "2014.10.03"]

1. d4 d5 2. Nf3 c6 3. e3 f5 4. Bd3 Nf6 5. Nbd2 g6 6. c3 b5 7. Ne5 Bg7 8. Ndf3
Ne4 9. O-O Nd7 10. Nxc6 Qc7 11. Bxb5 Bb7 12. Nce5 Bc8 13. Qa4 a6 14. Nxd7 Bxd7
15. Bxd7+ Qxd7 16. Qxd7+ Kxd7 17. Nd2 Nxd2 18. Bxd2 Rab8 1/2-1/2

[Event "I Open La Piazzetta"]
[Site "Casalpusterlengo ITA"]
[Date "2014.10.05"]
[Round "5"]
[White "Speciale, Francesco"]
[Black "Tirelli, Mauro"]
[WhiteElo "1871"]
[BlackElo "2098"]
[Result "0-1"]
[PlyCount "52"]
[EventDate "2014.10.03"]

1. d4 Nf6 2. Nf3 e6 3. g3 d5 4. Bg2 c5 5. c3 Bd6 6. Be3 cxd4 7. Nxd4 a6 8. Nf3
O-O 9. Nbd2 Ng4 10. Bg5 f6 11. h3 Nxf2 12. Kxf2 fxg5 13. Nf1 Qb6+ 14. Ke1 Qxb2
15. Qc1 Ba3 16. Qxb2 Bxb2 17. Rb1 Bxc3+ 18. Kd1 Bf6 19. N1d2 Nc6 20. e4 b5 21.
exd5 exd5 22. h4 Bg4 23. Rb3 gxh4 24. gxh4 h5 25. Ke1 Rae8+ 26. Kf2 Nd4 0-1

[Event "Weekend Villa Bombrini"]
[Site "Genova ITA"]
[Date "2014.10.03"]
[Round "1"]
[White "Algeri, Lorenzo"]
[Black "Sanchez, Joseph"]
[WhiteElo "1822"]
[BlackElo "2503"]
[Result "0-1"]
[PlyCount "40"]
[EventDate "2014.10.03"]

1. e4 d5 2. exd5 Nf6 3. d4 Bg4 4. Nf3 Qxd5 5. Be2 c6 6. O-O Nbd7 7. c4 Qd6 8.
Nbd2 e6 9. Re1 Be7 10. Qc2 O-O 11. Bd3 Rad8 12. a3 c5 13. dxc5 Nxc5 14. Bf1 Bf5
15. Qc3 Qc7 16. Ne5 Nfe4 17. Nxe4 Nxe4 18. Rxe4 Bxe4 19. Bf4 Bd6 20. Rd1 f6 0-1

[Event "Weekend Villa Bombrini"]
[Site "Genova ITA"]
[Date "2014.10.03"]
[Round "1"]
[White "Altieri, Danilo Mario"]
[Black "Buselli, Claudio"]
[WhiteElo "2005"]
[BlackElo "1663"]
[Result "1-0"]
[PlyCount "51"]
[EventDate "2014.10.03"]

1. f4 d5 2. Nf3 c5 3. e3 Nc6 4. b3 Nf6 5. Bb2 e6 6. Be2 Be7 7. O-O O-O 8. d3
Qc7 9. h3 b6 10. Nbd2 Bb7 11. a3 Rfd8 12. g4 h6 13. Qe1 Nh7 14. Qg3 b5 15. g5
hxg5 16. h4 Bf6 17. Bxf6 Nxf6 18. hxg5 Nh5 19. Qh4 g6 20. Nh2 Kg7 21. Ng4 Qe7
22. Nh6 Rh8 23. Bxh5 gxh5 24. Qxh5 f6 25. f5 Raf8 26. Qg6# 1-0

[Event "Weekend Villa Bombrini"]
[Site "Genova ITA"]
[Date "2014.10.03"]
[Round "1"]
[White "Baggiani, Fabio"]
[Black "Laketic, Gojko"]
[WhiteElo "1811"]
[BlackElo "2389"]
[Result "0-1"]
[PlyCount "30"]
[EventDate "2014.10.03"]

1. f4 d5 2. Nf3 g6 3. e3 Bg7 4. Be2 Nf6 5. O-O O-O 6. d3 c5 7. Nc3 d4 8. Ne4
Nd5 9. Nxc5 dxe3 10. c3 b6 11. Ne4 Nxf4 12. Bxe3 Nxe2+ 13. Qxe2 Ba6 14. Qd2
Qxd3 15. Qxd3 Bxd3 0-1

[Event "Weekend Villa Bombrini"]
[Site "Genova ITA"]
[Date "2014.10.03"]
[Round "1"]
[White "Bottaro, Mario"]
[Black "Del Noce, Roberto"]
[WhiteElo "1558"]
[BlackElo "1897"]
[Result "1/2-1/2"]
[PlyCount "79"]
[EventDate "2014.10.03"]

1. e4 c5 2. c3 d5 3. exd5 Qxd5 4. Nf3 Nc6 5. d4 e5 6. Bb5 Bg4 7. Bxc6+ bxc6 8.
dxe5 Rd8 9. Qxd5 Rxd5 10. Bf4 Ne7 11. O-O Bxf3 12. gxf3 g5 13. Bg3 h5 14. h3
Ng6 15. Re1 Rg8 16. Na3 h4 17. Bh2 Nf4 18. Bxf4 gxf4+ 19. Kf1 Rg5 20. Nc4 Kd7
21. Rad1 Ke6 22. Na5 Kd7 23. Nc4 Rg6 24. Rxd5+ cxd5 25. Nd6 Bxd6 26. exd6 Re6
27. Rxe6 fxe6 28. Ke2 Kxd6 29. Kd3 c4+ 30. Kd2 Kc5 31. b3 e5 32. Kc2 a5 33. Kb2
e4 34. fxe4 dxe4 35. Kc2 Kb5 36. Kd2 Kc5 37. Ke2 Kb5 38. Kd2 Kc5 39. Ke2 Kb5
40. Kd2 1/2-1/2

[Event "Weekend Villa Bombrini"]
[Site "Genova ITA"]
[Date "2014.10.03"]
[Round "1"]
[White "Carlini, Giancarlo"]
[Black "Saffioti, Massimo"]
[WhiteElo "1494"]
[BlackElo "1891"]
[Result "0-1"]
[PlyCount "52"]
[EventDate "2014.10.03"]

1. d4 Nf6 2. c4 e6 3. Nf3 c5 4. Bg5 h6 5. Bh4 cxd4 6. Nxd4 Bb4+ 7. Nc3 Nc6 8.
e3 Qa5 9. Qc2 g5 10. Bg3 h5 11. Ndb5 h4 12. Bc7 b6 13. Bd3 a6 14. Nd6+ Ke7 15.
Nde4 Nxe4 16. Bxe4 Ra7 17. O-O Rxc7 18. f4 f5 19. Nd5+ exd5 20. cxd5 Qc5 21.
Qd3 fxe4 22. Qxe4+ Kd8 23. fxg5 Re8 24. Qxh4 Qxe3+ 25. Kh1 Nd4 26. Rae1 Bxe1
0-1

[Event "Weekend Villa Bombrini"]
[Site "Genova ITA"]
[Date "2014.10.03"]
[Round "1"]
[White "Celli, Ugo"]
[Black "Dordoni, Riccardo"]
[WhiteElo "1954"]
[BlackElo "1583"]
[Result "1/2-1/2"]
[PlyCount "120"]
[EventDate "2014.10.03"]

1. d4 d5 2. c4 c6 3. Nc3 Nf6 4. e3 e6 5. Nf3 Nbd7 6. b3 Bb4 7. Bd2 Qa5 8. Qc2
O-O 9. Bd3 c5 10. O-O cxd4 11. exd4 Re8 12. a3 Bxc3 13. Bxc3 Qc7 14. Rfe1 b6
15. cxd5 Nxd5 16. Bxh7+ Kh8 17. Be4 Qxc3 18. Qxc3 Nxc3 19. Bxa8 Ba6 20. Bc6 Rd8
21. Bxd7 Rxd7 22. Ne5 Rc7 23. h3 Kg8 24. Kh2 Ne2 25. Nf3 Rc2 26. Rad1 Rc3 27.
d5 exd5 28. Rxd5 Rxb3 29. Rd8+ Kh7 30. Rd7 Bc4 31. Rxa7 Rb2 32. Rc7 Bd5 33. Rd7
Nf4 34. Kg3 Nh5+ 35. Kh4 Nf4 36. Ng5+ Kg6 37. Rd6+ f6 38. Rxd5 Nxd5 39. Ne4 Nf4
40. Kg3 Nd3 41. Re3 Rb3 42. a4 f5 43. Nd2 f4+ 44. Kf3 fxe3 45. Nxb3 exf2 46.
Ke2 Kg5 47. Nd2 Nc5 48. Kxf2 Nxa4 49. g3 b5 50. Kf3 Kf5 51. h4 Nc5 52. g4+ Ke5
53. Ke3 b4 54. Nf3+ Kd5 55. h5 b3 56. g5 b2 57. Nd2 Ne4 58. Nxe4 b1=Q 59. Nc3+
Ke6 60. Nxb1 Kf5 1/2-1/2

[Event "Weekend Villa Bombrini"]
[Site "Genova ITA"]
[Date "2014.10.03"]
[Round "1"]
[White "Cirabisi, Federico"]
[Black "Mandolini, Alessandro"]
[WhiteElo "2045"]
[BlackElo "1711"]
[Result "1-0"]
[PlyCount "74"]
[EventDate "2014.10.03"]

1. e4 d6 2. d4 Nf6 3. Nc3 e5 4. dxe5 dxe5 5. Qxd8+ Kxd8 6. Bg5 Be6 7. O-O-O+
Nbd7 8. Nf3 Bd6 9. Bb5 Kc8 10. Bh4 a6 11. Bxd7+ Nxd7 12. Ng5 Re8 13. Nd5 h6 14.
Nxe6 Rxe6 15. f3 Nf8 16. Rd3 Ng6 17. Bg3 Ne7 18. Rhd1 Nxd5 19. Rxd5 b5 20. a4
bxa4 21. c4 a3 22. c5 axb2+ 23. Kxb2 Be7 24. Rxe5 Bf6 25. f4 Bxe5+ 26. fxe5 Rc6
27. Rf1 f6 28. Kc3 Rb8 29. Rf5 a5 30. Kc4 Rb4+ 31. Kd5 Kb7 32. e6 Ra6 33. e7
Ra8 34. c6+ Ka6 35. Bxc7 a4 36. Bd8 Rb5+ 37. Kc4 a3 1-0

[Event "Weekend Villa Bombrini"]
[Site "Genova ITA"]
[Date "2014.10.03"]
[Round "1"]
[White "Cusato, Davide"]
[Black "Abd El Gawad, Shaban"]
[WhiteElo "1676"]
[BlackElo "2042"]
[Result "0-1"]
[PlyCount "70"]
[EventDate "2014.10.03"]

1. d4 c5 2. d5 e5 3. e4 d6 4. Nc3 g6 5. Bd3 a6 6. a4 Bg7 7. Nf3 Ne7 8. O-O f5
9. Bg5 O-O 10. h3 Nd7 11. Re1 Nf6 12. Bc4 Kh8 13. Rb1 h6 14. Bh4 g5 15. Nxg5
hxg5 16. Bxg5 Nh7 17. Qh5 Qe8 18. Qh4 Ng6 19. Qh5 Nf4 20. Qh4 Qh5 21. Qxh5 Nxh5
22. Be7 Rg8 23. Bxd6 Nf4 24. Bxc5 Bf6 25. g3 Nxh3+ 26. Kh2 f4 27. d6 Rg6 28.
Nd5 Bg4 29. Nxf6 Nxf6 30. gxf4 Nxf4 31. Re3 Kg7 32. Rg3 Nxe4 33. Bb4 Rh8+ 34.
Kg1 Bf3 35. Rxg6+ Kxg6 0-1

[Event "Weekend Villa Bombrini"]
[Site "Genova ITA"]
[Date "2014.10.03"]
[Round "1"]
[White "D'Augusta, Paolo"]
[Black "Boschi, Massimiliano"]
[WhiteElo "1581"]
[BlackElo "1946"]
[Result "1/2-1/2"]
[PlyCount "29"]
[EventDate "2014.10.03"]

1. d4 Nf6 2. c4 e6 3. Nf3 Bb4+ 4. Bd2 c5 5. Bxb4 cxb4 6. g3 O-O 7. Bg2 d5 8.
Nbd2 Nc6 9. O-O Bd7 10. Re1 Ne4 11. cxd5 exd5 12. e3 Nxd2 13. Qxd2 Be6 14. b3
a5 15. Qb2 1/2-1/2

[Event "Weekend Villa Bombrini"]
[Site "Genova ITA"]
[Date "2014.10.03"]
[Round "1"]
[White "Gioseffi, Massimiliano"]
[Black "Serapiglia, Roberto"]
[WhiteElo "2127"]
[BlackElo "1727"]
[Result "1-0"]
[PlyCount "120"]
[EventDate "2014.10.03"]

1. d4 Nf6 2. c4 c5 3. d5 e6 4. Nc3 exd5 5. cxd5 d6 6. Nf3 g6 7. Bf4 a6 8. a4
Bg7 9. h3 O-O 10. e3 Ne8 11. Be2 Nd7 12. O-O Qe7 13. Re1 Rb8 14. Qc2 f5 15. a5
Ndf6 16. Nd2 Bd7 17. Bf3 Bb5 18. e4 fxe4 19. Ndxe4 Nxe4 20. Rxe4 Qc7 21. Bg4 b6
22. Be6+ Kh8 23. Bg5 bxa5 24. Rh4 Bf6 25. Bxf6+ Nxf6 26. Qxg6 Qg7 27. Qxg7+
Kxg7 28. Rxa5 Bd3 29. Ra2 Rb7 30. Rf4 Rfb8 31. Rf3 Bc4 32. Ra4 Rb4 33. b3 Rxa4
34. bxa4 Rb4 35. g4 h6 36. h4 Rb7 37. g5 hxg5 38. hxg5 Nh7 39. Ne4 Be2 40. Re3
Bh5 41. f4 Rb4 42. a5 Bg6 43. f5 Bh5 44. Kf2 Ra4 45. Bd7 Rxa5 46. f6+ Kf8 47.
Bf5 Kg8 48. Rh3 Ra2+ 49. Ke1 Ra1+ 50. Kd2 Rd1+ 51. Kc2 Re1 52. Rxh5 Nf8 53. g6
Nxg6 54. Bxg6 Rf1 55. Rf5 Rg1 56. f7+ Kf8 57. Ng5 Rg2+ 58. Kd3 Rg3+ 59. Ke4
Rxg5 60. Rxg5 a5 1-0

[Event "Weekend Villa Bombrini"]
[Site "Genova ITA"]
[Date "2014.10.03"]
[Round "1"]
[White "Grasso, Gabriele"]
[Black "Collareta, Giovanni"]
[WhiteElo "1715"]
[BlackElo "2080"]
[Result "0-1"]
[PlyCount "78"]
[EventDate "2014.10.03"]

1. d4 d5 2. c4 c6 3. Nf3 Nf6 4. Qc2 g6 5. Bf4 Bg7 6. e3 O-O 7. Be2 Na6 8. O-O
dxc4 9. Bxc4 Nb4 10. Qb3 Nfd5 11. Be5 a5 12. a4 Nb6 13. Bxg7 Kxg7 14. Bd3 Be6
15. Qd1 Nxd3 16. Qxd3 Bc4 17. Qe4 Bxf1 18. Kxf1 Qd5 19. Qxd5 Nxd5 20. Nbd2 b5
21. Ne5 Rfc8 22. Nd7 Ra7 23. Nc5 Rb8 24. Rc1 Nb6 25. b3 bxa4 26. bxa4 Nd5 27.
Ndb3 Rb4 28. Ke1 e6 29. Kd2 Kf8 30. Rc2 Ke7 31. Rc1 Nb6 32. Ra1 Nd7 33. Kc2
Nxc5 34. Nxc5 e5 35. Rd1 f6 36. Kc3 exd4+ 37. exd4 Kf7 38. Re1 Re7 39. Rxe7+
Kxe7 0-1

[Event "Weekend Villa Bombrini"]
[Site "Genova ITA"]
[Date "2014.10.03"]
[Round "1"]
[White "Labarthe, Arnaud"]
[Black "Van Hoolandt, Patrick"]
[WhiteElo "1750"]
[BlackElo "2170"]
[Result "0-1"]
[PlyCount "54"]
[EventDate "2014.10.03"]

1. d4 Nf6 2. c4 e6 3. Nf3 d5 4. Bg5 Bb4+ 5. Nbd2 dxc4 6. e3 b5 7. a3 Ba5 8. Be2
Bb7 9. O-O a6 10. Ne5 Bxd2 11. Qxd2 Ne4 12. Bxd8 Nxd2 13. Rfd1 Nb3 14. Bxc7
Nxa1 15. Rxa1 f6 16. Bf3 Bxf3 17. Nxf3 Kd7 18. Bg3 Nc6 19. Nd2 Na5 20. Rd1 Kc6
21. Rc1 Rhc8 22. Nb1 Nb3 23. Rd1 Rd8 24. Nc3 a5 25. Na2 e5 26. Re1 exd4 27.
exd4 Nxd4 0-1

[Event "Weekend Villa Bombrini"]
[Site "Genova ITA"]
[Date "2014.10.03"]
[Round "1"]
[White "Manfredi, Vincenzo"]
[Black "Cesarini, Antonello"]
[WhiteElo "2224"]
[BlackElo "1801"]
[Result "1-0"]
[PlyCount "81"]
[EventDate "2014.10.03"]

1. Nf3 Nf6 2. c4 d6 3. Nc3 Nbd7 4. g3 e5 5. Bg2 Be7 6. O-O O-O 7. d4 c6 8. e4
Qc7 9. h3 a6 10. Be3 b6 11. Rc1 Bb7 12. Qd2 Rac8 13. Rfe1 Qb8 14. d5 cxd5 15.
cxd5 b5 16. Nh4 Rfe8 17. Nf5 Bf8 18. a4 b4 19. Ne2 a5 20. g4 Rxc1 21. Nxc1 Rc8
22. Nb3 Qc7 23. Rc1 Qd8 24. Bf3 g6 25. Ng3 Ba6 26. Rxc8 Bxc8 27. Be2 Bb7 28.
Bb5 Nb8 29. Kg2 Ba6 30. Qd3 Bc8 31. f3 Be7 32. Nf1 Qc7 33. Nfd2 Bd7 34. Bxd7
Qxd7 35. Qb5 Qxb5 36. axb5 a4 37. Na5 a3 38. bxa3 bxa3 39. Nc6 a2 40. Nb3 Nxc6
41. dxc6 1-0

[Event "Weekend Villa Bombrini"]
[Site "Genova ITA"]
[Date "2014.10.03"]
[Round "1"]
[White "Mercandelli, Claudio"]
[Black "Tassinari, Carlo"]
[WhiteElo "1886"]
[BlackElo "1488"]
[Result "1-0"]
[PlyCount "75"]
[EventDate "2014.10.03"]

1. d4 d5 2. Nf3 e6 3. c4 c6 4. e3 Nf6 5. Nc3 Nbd7 6. Bd3 Be7 7. O-O O-O 8. b3
Re8 9. Bb2 Bf8 10. Qc2 g6 11. Rac1 Bg7 12. h3 a6 13. c5 b6 14. cxb6 Nxb6 15.
Ne5 Bb7 16. Ba3 Nfd7 17. Nxd7 Qxd7 18. Bc5 Nc8 19. Na4 Bf8 20. Bxf8 Rxf8 21.
Nc5 Qe7 22. Nxb7 Qxb7 23. Qxc6 Qxc6 24. Rxc6 a5 25. Rfc1 Ne7 26. Rc7 Nf5 27.
Bxf5 gxf5 28. Rb7 Kg7 29. Rcc7 h5 30. h4 Kf6 31. Kh2 Kg6 32. Kg3 Kf6 33. Kf4
Kg6 34. Ra7 Kf6 35. Rxf7+ Rxf7 36. Rxa8 Rg7 37. g3 Rg4+ 38. Kf3 1-0

[Event "Weekend Villa Bombrini"]
[Site "Genova ITA"]
[Date "2014.10.03"]
[Round "1"]
[White "Nikolajevic, Tihomir"]
[Black "Picasso, Marco Francesco"]
[WhiteElo "1856"]
[BlackElo "1456"]
[Result "1-0"]
[PlyCount "77"]
[EventDate "2014.10.03"]

1. d4 Nf6 2. Nf3 d6 3. e3 Bd7 4. Bd3 g6 5. b3 Bg7 6. Bb2 O-O 7. O-O Re8 8. Nbd2
Nc6 9. e4 e5 10. d5 Ne7 11. c4 c5 12. a3 a6 13. b4 b6 14. Qe2 Nh5 15. g3 Kh8
16. Nh4 Nf6 17. f4 Bh3 18. Ng2 Qd7 19. fxe5 dxe5 20. Bxe5 Neg8 21. Bb2 Re7 22.
Rfe1 Ne8 23. Bxg7+ Nxg7 24. Nf4 Bg4 25. Qf2 Rf8 26. bxc5 bxc5 27. Qxc5 Rc8 28.
Qd4 Qa7 29. Qxa7 Rxa7 30. Rab1 h5 31. Rb6 Ne8 32. e5 Kg7 33. Reb1 g5 34. Ne2
Bxe2 35. Bxe2 g4 36. Rb7 Rxb7 37. Rxb7 Nh6 38. Bd3 a5 39. a4 1-0

[Event "Weekend Villa Bombrini"]
[Site "Genova ITA"]
[Date "2014.10.03"]
[Round "1"]
[White "Pacelli, Stefano"]
[Black "Nastrelli, Roberto"]
[WhiteElo "1481"]
[BlackElo "1876"]
[Result "0-1"]
[PlyCount "84"]
[EventDate "2014.10.03"]

1. e4 e5 2. Nf3 Nc6 3. Bc4 Nf6 4. Nc3 Nxe4 5. Nxe4 d5 6. Qe2 dxc4 7. O-O Be7 8.
Ng3 Qd5 9. d3 cxd3 10. cxd3 Bg4 11. h3 Nd4 12. Qe4 Qxe4 13. dxe4 Bxf3 14. gxf3
Nxf3+ 15. Kg2 Nd4 16. f4 exf4 17. Bxf4 Ne6 18. Be3 Bc5 19. Rae1 Bxe3 20. Rxe3
Rd8 21. Rf2 O-O 22. h4 Rd7 23. Nf5 Rfd8 24. Rg3 Kf8 25. h5 Rd2 26. h6 g6 27.
Nh4 Nf4+ 28. Kg1 Ne2+ 29. Rxe2 Rxe2 30. Ng2 Rd1+ 31. Kh2 Rdd2 32. Kh3 Rxg2 33.
Rxg2 Rxg2 34. Kxg2 Ke7 35. Kf3 Ke6 36. Kf4 c5 37. a3 b5 38. b3 c4 39. bxc4 bxc4
40. Ke3 Ke5 41. a4 f5 42. exf5 gxf5 0-1

[Event "Weekend Villa Bombrini"]
[Site "Genova ITA"]
[Date "2014.10.03"]
[Round "1"]
[White "Pesce, Gabriele"]
[Black "Pedemonte, Claudio"]
[WhiteElo "2209"]
[BlackElo "1754"]
[Result "1-0"]
[PlyCount "129"]
[EventDate "2014.10.03"]

1. e4 d6 2. d4 Nf6 3. Nc3 g6 4. Nf3 Bg7 5. h3 c6 6. Be3 Nbd7 7. Qd2 Qa5 8. Bd3
e5 9. O-O O-O 10. Rfe1 exd4 11. Nxd4 Re8 12. Rad1 Nc5 13. Nb3 Nxb3 14. axb3 Qc7
15. f3 Be6 16. Bf1 d5 17. exd5 Nxd5 18. Nxd5 Bxd5 19. Bd4 Qg3 20. Qf2 Bxd4 21.
Rxd4 Qg5 22. Red1 Be6 23. Qd2 Qc5 24. Qf2 Qg5 25. Qd2 Qc5 26. Kh1 Kg7 27. Rh4
h5 28. Qd4+ Qxd4 29. Rhxd4 Bf5 30. Bd3 Bxd3 31. R4xd3 Re2 32. Rd7 Rxc2 33. Rxb7
Rxb2 34. Rdd7 Rf8 35. Rdc7 a5 36. Rxc6 a4 37. b4 a3 38. Ra6 a2 39. Kh2 Rd8 40.
Raa7 Rf8 41. Kg3 Kh6 42. h4 g5 43. hxg5+ Kxg5 44. Rb5+ f5 45. f4+ Kg6 46. Rb6+
Rf6 47. Rxf6+ Kxf6 48. Ra6+ Kg7 49. b5 Rxb5 50. Rxa2 Rb6 51. Kh4 Kh6 52. Ra8
Rb2 53. Ra6+ Kg7 54. g3 Rh2+ 55. Kg5 Rg2 56. Ra7+ Kh8 57. Ra3 Kg7 58. Kxf5 Kh6
59. Ra6+ Kg7 60. Rg6+ Kf7 61. Rg5 Rh2 62. Ke4 h4 63. g4 h3 64. Rh5 Rg2 65. Kf3
1-0

[Event "Weekend Villa Bombrini"]
[Site "Genova ITA"]
[Date "2014.10.03"]
[Round "1"]
[White "Rivara, Massimo"]
[Black "Angelini, Marco"]
[WhiteElo "1767"]
[BlackElo "2219"]
[Result "0-1"]
[PlyCount "82"]
[EventDate "2014.10.03"]

1. e4 c5 2. Nc3 e6 3. Qe2 Nc6 4. Nf3 d6 5. g3 g6 6. Bg2 Bg7 7. O-O Nge7 8. d3
O-O 9. Be3 Rb8 10. a4 a6 11. Rfd1 Nd4 12. Qd2 Nec6 13. Bxd4 Nxd4 14. Nxd4 Bxd4
15. a5 Bd7 16. Na4 Qe8 17. Nb6 Bxb2 18. Rab1 Bg7 19. c3 Bb5 20. d4 Qe7 21. c4
Be8 22. d5 Bd4 23. Kh1 e5 24. f4 Bd7 25. Rf1 exf4 26. Rxf4 Be5 27. Rf2 Bg4 28.
h3 Bd7 29. Qd3 h5 30. Rbf1 Kg7 31. Rf3 Rbe8 32. Qe2 Bd4 33. Qd3 Qg5 34. Rf4 Be5
35. h4 Qe7 36. R4f2 Bg4 37. Rb1 g5 38. hxg5 Qxg5 39. Na4 h4 40. Rf3 Bxf3 41.
Bxf3 hxg3 0-1

[Event "Weekend Villa Bombrini"]
[Site "Genova ITA"]
[Date "2014.10.03"]
[Round "1"]
[White "Ruo, Andrea"]
[Black "Mortola, Alberto"]
[WhiteElo "1608"]
[BlackElo "1968"]
[Result "0-1"]
[PlyCount "52"]
[EventDate "2014.10.03"]

1. e4 e5 2. Nf3 Nc6 3. Bc4 Bc5 4. c3 Nf6 5. d3 d6 6. O-O Bg4 7. Be3 Bb6 8. Nbd2
O-O 9. h3 Be6 10. Bxe6 fxe6 11. Bxb6 axb6 12. d4 Nd7 13. Re1 Qf6 14. Nf1 Rf7
15. Ng3 Raf8 16. Rc1 Ne7 17. Rc2 Ng6 18. Nh5 Qe7 19. Qc1 Rxf3 20. gxf3 Qh4 21.
Nxg7 Kxg7 22. Rd1 Nf4 23. dxe5 Qg5+ 24. Kf1 Qg2+ 25. Ke1 Qg1+ 26. Kd2 Qxf2# 0-1

[Event "Weekend Villa Bombrini"]
[Site "Genova ITA"]
[Date "2014.10.03"]
[Round "1"]
[White "Tammarazio, Saverio"]
[Black "De Pirro, Amedeo"]
[WhiteElo "1893"]
[BlackElo "1548"]
[Result "0-1"]
[PlyCount "44"]
[EventDate "2014.10.03"]

1. c3 e6 2. Qc2 Nf6 3. e4 d6 4. Be2 b6 5. d3 Bb7 6. Nd2 Be7 7. Ngf3 O-O 8. h3
c5 9. Nf1 Nbd7 10. g4 h6 11. Ng3 Ne5 12. Nxe5 dxe5 13. g5 hxg5 14. Bxg5 Nh7 15.
Bxe7 Qxe7 16. h4 f5 17. Qb3 Qf7 18. O-O-O fxe4 19. dxe4 Qxf2 20. Rdg1 Qe3+ 21.
Kb1 Bxe4+ 22. Ka1 Bxh1 0-1

[Event "Weekend Villa Bombrini"]
[Site "Genova ITA"]
[Date "2014.10.04"]
[Round "2"]
[White "Angelini, Marco"]
[Black "Mercandelli, Claudio"]
[WhiteElo "2219"]
[BlackElo "1886"]
[Result "1-0"]
[PlyCount "106"]
[EventDate "2014.10.03"]

1. e4 e6 2. Nf3 d5 3. Nc3 Nf6 4. e5 Ne4 5. d3 Nxc3 6. bxc3 c5 7. g3 Be7 8. Bg2
Nc6 9. O-O Bd7 10. Re1 b5 11. h4 h6 12. h5 a5 13. a3 a4 14. Nh2 Qc7 15. Ng4 Rb8
16. Bd2 d4 17. cxd4 cxd4 18. Bf4 b4 19. axb4 Nxb4 20. Re2 Bc6 21. Bxc6+ Qxc6
22. Re4 Rd8 23. Nh2 Qxc2 24. Qxc2 Nxc2 25. Rxa4 Nb4 26. Ra3 O-O 27. Nf3 Rd7 28.
Rb3 Rfd8 29. Bc1 Na2 30. Bd2 Nc3 31. Rg4 Kf8 32. Kf1 Bc5 33. Kg2 Rd5 34. Bxc3
dxc3 35. Rxc3 Bb6 36. Rb3 Bc7 37. d4 Ba5 38. Re4 Rc8 39. Rb7 Rcd8 40. Re3 R5d7
41. Reb3 Rxb7 42. Rxb7 Ke8 43. Rb3 Rd5 44. Kf1 Ke7 45. Rb7+ Rd7 46. Rxd7+ Kxd7
47. Ke2 Kc6 48. Kd3 Kd5 49. g4 Bd8 50. Ne1 f6 51. exf6 gxf6 52. Nc2 Bb6 53.
Ne3+ Kd6 1-0

[Event "Weekend Villa Bombrini"]
[Site "Genova ITA"]
[Date "2014.10.04"]
[Round "2"]
[White "De Pirro, Amedeo"]
[Black "Celli, Ugo"]
[WhiteElo "1548"]
[BlackElo "1954"]
[Result "0-1"]
[PlyCount "52"]
[EventDate "2014.10.03"]

1. d4 d6 2. Nf3 Nf6 3. h3 Nbd7 4. Nbd2 e5 5. dxe5 dxe5 6. e4 Bc5 7. Bd3 Qe7 8.
Nc4 O-O 9. O-O Rd8 10. Re1 c6 11. Ne3 Nf8 12. Nf5 Bxf5 13. exf5 e4 14. Nd2
Bxf2+ 15. Kxf2 Qc5+ 16. Re3 exd3 17. Nb3 Qxf5+ 18. Rf3 dxc2 19. Qxd8 Qxf3+ 20.
Kxf3 Rxd8 21. Be3 Rd1 22. Rc1 Rxc1 23. Bxc1 Nd5 24. a3 Ne6 25. Ke2 Nef4+ 26.
Kf3 Nd3 0-1

[Event "Weekend Villa Bombrini"]
[Site "Genova ITA"]
[Date "2014.10.04"]
[Round "2"]
[White "Dordoni, Riccardo"]
[Black "Tammarazio, Saverio"]
[WhiteElo "1583"]
[BlackElo "1893"]
[Result "0-1"]
[PlyCount "38"]
[EventDate "2014.10.03"]

1. e4 c6 2. d4 Qc7 3. Nc3 d6 4. h3 e5 5. d5 Be7 6. Nf3 h6 7. Bd3 Nf6 8. O-O g5
9. Be3 Nbd7 10. Nd2 Nf8 11. Be2 Ng6 12. Bh5 Nf4 13. Bxf4 gxf4 14. Bg4 Nxg4 15.
hxg4 Rg8 16. f3 Qb6+ 17. Kh2 Bh4 18. dxc6 Bg3+ 19. Kh1 Qd8 0-1